Loading...
| Literature - World | 0 | 7 | 0 | 1 | 70 | 60 | 104.00 | 0 | 1 | 16.70 | 37.64 |
| Science - Physics | 0 | 5 | 0 | 1 | 50 | 113 | 120.40 | 0 | 1 | 0.17 | 18.91 |
| Literature - European | 0 | 4 | 0 | 1 | 40 | 76 | 118.50 | 0 | 1 | 6.02 | 19.18 |
| Religion | 0 | 3 | 0 | 0 | 30 | 98 | 107.33 | 0 | 0 | 3.39 | 10.91 |
| Mythology | 0 | 3 | 0 | 1 | 30 | 77 | 106.33 | 0 | 1 | 5.34 | 16.55 |
| Fine Arts - Classical Music | 0 | 3 | 0 | 0 | 30 | 113 | 127.33 | 0 | 0 | 0.14 | 6.73 |
| Science - Biology | 0 | 3 | 0 | 2 | 30 | 69 | 98.33 | 0 | 0 | 3.95 | 6.36 |
| History - American | 0 | 3 | 0 | 1 | 30 | 89 | 99.67 | 0 | 0 | 5.69 | 9.64 |
| Literature - British | 0 | 3 | 0 | 0 | 30 | 48 | 92.00 | 0 | 1 | 10.49 | 15.09 |
| Fine Arts - Painting and Sculpture | 0 | 2 | 0 | 0 | 20 | 100 | 101.50 | 0 | 0 | 3.56 | 4.55 |
| Literature - American | 0 | 2 | 0 | 0 | 20 | 127 | 129.50 | 0 | 0 | 1.88 | 11.00 |
| Science - Chemistry | 0 | 2 | 0 | 1 | 20 | 42 | 82.00 | 0 | 1 | 6.11 | 10.00 |
| Other Academic | 0 | 1 | 0 | 0 | 10 | 104 | 104.00 | 0 | 0 | 8.40 | 22.73 |
| Current Events | 0 | 1 | 0 | 0 | 10 | 33 | 33.00 | 0 | 1 | 24.74 | 20.00 |
| History - World | 0 | 1 | 0 | 0 | 10 | 33 | 33.00 | 1 | 1 | 7.48 | 10.00 |
| History - European | 0 | 1 | 0 | 1 | 10 | 125 | 125.00 | 0 | 0 | 0.00 | 0.91 |
| Science - Other | 0 | 1 | 0 | 0 | 10 | 65 | 65.00 | 1 | 1 | 4.20 | 10.00 |
| Geography | 0 | 1 | 0 | 0 | 10 | 79 | 79.00 | 0 | 1 | 18.15 | 45.45 |